000 00486nam a2200157Ia 4500
008 240126s9999 xx 000 0 und d
041 _aEnglish
082 _aPRIS07-1247
100 _aVinod S
245 0 _aSession Based Communication Using SIP and RTP [electronic resource : Project Report
_bNagasundari S
260 _bPESIT, Dept. of IS,
_aBangalore
440 _aNULL
650 _aInformation Science
650 _aSession,Communication,Using,SIP,RTP,:,Project
942 _cPR
999 _c256803
_d256803